000 00456nam a2200193Ia 4500
008 210210b1953 xxu||||| |||| 00| 0 eng d
041 _aeng
082 _a824/355
100 _aWILSON (F P)
245 _aMarlowe and the early Shakespeare
260 _aOxford
_bAt the Clarendon Press
_c1953
650 _athe
650 _aShakespeare
650 _aMarlowe
650 _aearly
650 _aand
690 _aEnglish Criticism
906 _a014305
999 _c133460
_d133460